000
00373nam a22001577a 4500
003
MPLRDC
005
20220104143719.0
008
210129b ||||| |||| 00| 0 eng d
082
_a
544.31 BSHY
100
_a
白石浩一
245
_a
认识丈夫
_c
林耀川 译
260
_a
_b
文新书屋
_c
300
_b
平
650
_a
婚姻指导
942
_c
BK
_o
544.31 BSHY
999
_c
42618
_d
42608